LEADER 00870nam a2200277 i 4500 001 991000827499707536 005 20020506124929.0 008 960310s1975 uk ||| | eng 035 $ab10135194-39ule_inst 035 $aLE00637504$9ExL 040 $aDip.to Fisica$bita 084 $a53.1.4 084 $a53.5.2 084 $a539.7 084 $aQC171.2 100 1 $aWillmott, J.$0461199 245 10$aAtomic physics /$cJ. Willmott 260 $aLondon :$bJohn Wiley & Sons,$c1975 300 $axiv, 357 p. :$bill. ;$c24 cm. 650 4$aNuclear physics 907 $a.b10135194$b21-09-06$c27-06-02 912 $a991000827499707536 945 $aLE006 53.5.2 WIL$g1$i2006000065542$lle006$o-$pE0.00$q-$rl$s- $t0$u0$v0$w0$x0$y.i10159289$z27-06-02 996 $aAtomic physics$9185365 997 $aUNISALENTO 998 $ale006$b01-01-96$cm$da $e-$feng$guk $h0$i1 LEADER 01124nam a2200277 a 4500 001 991003949539707536 008 020 $a9788884922861 035 $ab14413772-39ule_inst 040 $aDip.to di Storia, Società e Studi sull'Uomo$bita 082 0 $a370.94 245 10$aCurriculi europei a confronto :$bun'indagine promossa Dall'IRRE Toscana /$ca cura di Franco Cambi, Gloria Bernardi e Marusca Viaggi 260 $a[Firenze] :$bRegione Toscana, Giunta regionale ; [Pisa] : Plus-Università di Pisa,$c2003 300 $a348 p. ;$c20 cm 490 0 $aEducazione. Studi ;$v21 500 $aIn cop.: Formazione educazione lavoro 650 4$aEducazione$xEuropa 700 $aViaggi, Marusca 700 $aBernardi, Gloria 700 1 $aCambi, Franco 907 $a.b14413772$b30-06-21$c30-06-21 912 $a991003949539707536 945 $aLE023 Fondo Sobrero 118$g1$i2023000195840$lle023$og$pE22.00$q-$rn$so $t0$u0$v0$w0$x0$y.i15963913$z30-06-21 996 $aCurriculi europei a confronto$91818349 997 $aUNISALENTO 998 $ale023$b30-06-21$cm$da $e-$fita$git $h0$i0